She would be king : (Record no. 130407)
[ view plain ]
| 000 -LEADER | |
|---|---|
| fixed length control field | 02146cam a2200313 i 4500 |
| 001 - CONTROL NUMBER | |
| control field | 20355942 |
| 003 - CONTROL NUMBER IDENTIFIER | |
| control field | ARRUPE |
| 005 - DATE AND TIME OF LATEST TRANSACTION | |
| control field | 20200313152859.0 |
| 008 - FIXED-LENGTH DATA ELEMENTS--GENERAL INFORMATION | |
| fixed length control field | 180213t20182018mnu b 000 1 eng c |
| 010 ## - LIBRARY OF CONGRESS CONTROL NUMBER | |
| LC control number | 2018934484 |
| 016 7# - NATIONAL BIBLIOGRAPHIC AGENCY CONTROL NUMBER | |
| Record control number | 019125138 |
| Source | Uk |
| 020 ## - INTERNATIONAL STANDARD BOOK NUMBER | |
| International Standard Book Number | 9781555978174 |
| Qualifying information | (hardcover) |
| 020 ## - INTERNATIONAL STANDARD BOOK NUMBER | |
| International Standard Book Number | 1555978177 |
| Qualifying information | (hardcover) |
| 035 ## - SYSTEM CONTROL NUMBER | |
| System control number | (OCoLC)on1019928794 |
| 040 ## - CATALOGING SOURCE | |
| Original cataloging agency | YDX |
| Language of cataloging | eng |
| Transcribing agency | YDX |
| Description conventions | rda |
| Modifying agency | BDX |
| -- | GK8 |
| -- | OCLCF |
| -- | HQD |
| -- | DAD |
| -- | OCLCO |
| -- | UAP |
| -- | OEK |
| -- | SSH |
| -- | NGP |
| -- | TXN |
| -- | JTH |
| -- | ZHB |
| -- | OQX |
| -- | TCH |
| -- | ACN |
| -- | ILC |
| -- | JP3 |
| -- | OCLCO |
| -- | KVIJL |
| -- | PFLCL |
| -- | ZGR |
| -- | UAB |
| -- | RIOSL |
| -- | KFW |
| -- | OCLCQ |
| -- | OSU |
| -- | XII |
| -- | WLU |
| -- | NHP |
| -- | IFJ |
| -- | YDX |
| -- | DF$ |
| -- | MOU |
| -- | B@L |
| -- | LE@ |
| -- | YT5 |
| -- | CUY |
| -- | EYM |
| -- | FSP |
| -- | IPL |
| -- | CG4 |
| -- | YUS |
| -- | QS5 |
| -- | WC$ |
| -- | UPM |
| -- | JJG |
| -- | HZT |
| -- | BELLA |
| -- | KYC |
| -- | ILE |
| -- | IPM |
| -- | IEB |
| -- | OCLCQ |
| -- | IAD |
| -- | NYP |
| -- | GUA |
| -- | TY2 |
| -- | FMA |
| -- | TUL |
| -- | RKWLC |
| -- | W8A |
| -- | UKMGB |
| -- | TS4 |
| -- | TXSCH |
| -- | T3Q |
| -- | IOS |
| -- | CGL |
| -- | TXHLC |
| -- | YKC |
| -- | ZHC |
| -- | XK4 |
| -- | OY4 |
| -- | OJ4 |
| -- | ON8 |
| -- | GDC |
| -- | UP5 |
| -- | GL9 |
| -- | LD5 |
| -- | TXL |
| -- | ZAC |
| -- | CRP |
| -- | TME |
| -- | T7X |
| -- | OCLCQ |
| -- | OCL |
| -- | DKC |
| -- | NJB |
| -- | FLQ |
| -- | OCLCO |
| -- | CTX |
| -- | XMC |
| -- | DE# |
| -- | OCLCO |
| -- | OO3 |
| -- | HAO |
| -- | COO |
| -- | TXENN |
| -- | OCLCO |
| -- | FBR |
| -- | ALAUL |
| -- | OCLCO |
| -- | FWP |
| -- | IXA |
| -- | DLC |
| 042 ## - AUTHENTICATION CODE | |
| Authentication code | pcc |
| 043 ## - GEOGRAPHIC AREA CODE | |
| Geographic area code | f-lb--- |
| 050 00 - LIBRARY OF CONGRESS CALL NUMBER | |
| Classification number | PR9384.9.M91 |
| Item number | S5 2018 |
| 082 00 - DEWEY DECIMAL CLASSIFICATION NUMBER | |
| Classification number | 813/.6 |
| Edition number | 23 |
| 300 ## - PHYSICAL DESCRIPTION | |
| Dimensions | 22 cm |
| 100 1# - MAIN ENTRY--PERSONAL NAME | |
| Personal name | Moore, Wayétu, |
| 9 (RLIN) | 49667 |
| 245 10 - TITLE STATEMENT | |
| Title | She would be king : |
| Statement of responsibility, etc | Wayétu Moore. |
| 260 ## - PUBLICATION, DISTRIBUTION, ETC. (IMPRINT) | |
| Place of publication, distribution, etc | London |
| Name of publisher, distributor, etc | Pushkin Press |
| Date of publication, distribution, etc | 2018 |
| 300 ## - PHYSICAL DESCRIPTION | |
| Extent | 360p. ; |
| 504 ## - BIBLIOGRAPHY, ETC. NOTE | |
| Bibliography, etc | Includes bibliographical references. |
| 520 ## - SUMMARY, ETC. | |
| Summary, etc | Gbessa, exiled from the West African village of Lai, is starved, bitten by a viper, and left for dead, but still she survives. June Dey, raised on a plantation in Virginia, hides his unusual strength until a confrontation with the overseer forces him to flee. Norman Aragon, child of a white British colonizer and a Maroon slave from Jamaica, can fade from sight when the earth calls him. When the three meet in the settlement of Monrovia, their gifts help them salvage the tense relationship between the African American settlers and the indigenous tribes, as a new nation forms around them. -- Adapted from jacket. |
| 906 ## - LOCAL DATA ELEMENT F, LDF (RLIN) | |
| a | 7 |
| b | cbc |
| c | pccadap |
| d | 2 |
| e | ncip |
| f | 20 |
| g | y-gencatlg |
| 942 ## - ADDED ENTRY ELEMENTS (KOHA) | |
| Source of classification or shelving scheme | Library of Congress Classification |
| Koha item type | Monograph ( Printed materials) |
| Withdrawn status | Lost status | Source of classification or shelving scheme | Damaged status | Not for loan | Collection code | Home library | Current library | Shelving location | Date acquired | Total Checkouts | Full call number | Barcode | Date last seen | Date checked out | Price effective from | Koha item type |
|---|---|---|---|---|---|---|---|---|---|---|---|---|---|---|---|---|
| Library of Congress Classification | Main Collection | ARRUPE LIBRARY | ARRUPE LIBRARY | Main Collection | 13/03/2020 | 2 | PR9384.9.M91 S5 2018 | 46600006759 | 28/05/2020 | 20/05/2020 | 13/03/2020 | Monograph ( Printed materials) |